000 00609nam a2200217Ia 4500
003 GCL
008 140319s9999 xx 000 0 ara d
040 _aGCL /
_cGCL
082 0 4 _a181.4
_bت س
100 1 _aتاجور، رابنذرانات
245 1 0 _aالسادهانا او كنه الحياه /
_cتاجور، رابنذرانات
700 1 _aمحمد محمد على
300 _a125 ص
490 _a100 قصة
_v0
650 0 4 _aالفلسفة
650 0 4 _aالروح
650 0 4 _aالمعرفة
650 0 4 _aالكون
650 0 4 _aالفلسفة الهندية
942 _2ddc
_cBK
999 _c46751
_d46751